000 00585nam a2200205Ia 4500
005 20250508165115.0
008 008 250505s9999 xx 000 0 eng d
020 _a0-8094-4849-1
037 _aDissertations
040 _aFEDL
_beng
_cFEDL
041 _aeng
_2eng
084 _a155.4, MAH/DI
_qFEDL
100 _aMahla Sunita
_9779906
245 0 _aAutism and its many dimensions: A theoretical framework
260 _c2011
300 _a155p.
546 _aM. Ed. Dissertation, (Delhi University)
942 _cDIS
_h155.4, MAH/DI
999 _c1393213
_d1393213